| 000 | 00858cab a2200229 4500 | ||
|---|---|---|---|
| 001 | WB3014-78 | ||
| 008 | 090401t1994 xxu||||| |||| 00| 0 eng d | ||
| 035 | _a(Sirsi) u24413 | ||
| 041 | _aeng | ||
| 245 | _aMortgage fraud probe | ||
| 260 | _c1994 | ||
| 350 | _a0 | ||
| 490 |
_aObserver _v10 April 1994, 5 |
||
| 490 |
_aDaily Telegraph _v11 April 1994, 26 |
||
| 490 |
_aFinancial Times _v11 April 1994, 9(3) |
||
| 520 | _aScotland Yard is making arrests in what is described as Britain`s biggest ever mortgage fraud, involving property deals totalling more than £1bn and losses to the banks and building societies involved of up to £100m. Surveyors are among those arrested. | ||
| 650 | _aALBANY LIFE ASSURANCE | ||
| 650 | _aMORTGAGE FRAUD | ||
| 690 | _aMANAGEMENT-BUSINESS MANAGEMENT-PROFESSIONAL PRACTICE | ||
| 942 | _n0 | ||
| 948 | _c04/03/1997 | ||
| 999 |
_c16370 _d16370 |
||